Central Library OPAC University of Rajshahi

Plant growth and development / (Record no. 12249)

MARC details
000 -LEADER
fixed length control field 00905cam a22002772 4500
001 - CONTROL NUMBER
control field 12249
003 - CONTROL NUMBER IDENTIFIER
rucl marc code BD-RjUL
005 - DATE AND TIME OF LATEST TRANSACTION
control field 20211208235248.0
008 - FIXED-LENGTH DATA ELEMENTS--GENERAL INFORMATION
fixed length control field 140128s1964 nyua b 000 0 eng
035 ## - SYSTEM CONTROL NUMBER
System control number OCLC ocm00555432 from D970929M
-- (BD-RjUL)12298
040 ## - CATALOGING SOURCE
Original cataloging agency DLC
Transcribing agency DLC
Modifying agency UKM
-- EQO
-- BD-RjUL
Language of cataloging eng
041 ## - LANGUAGE CODE
Language code of text/sound track or separate title eng
082 00 - DEWEY DECIMAL CLASSIFICATION NUMBER
Classification number 571.2
Author mark and year LEP 1964
100 1# - MAIN ENTRY--PERSONAL NAME
Personal name Leopold, A. Carl
Fuller form of name (Aldo Carl),
Dates associated with a name 1919-2009
9 (RLIN) 38023
245 10 - TITLE STATEMENT
Title Plant growth and development /
Statement of responsibility, etc. A. Carl Leopold.
260 ## - PUBLICATION, DISTRIBUTION, ETC. (IMPRINT)
Place of publication, distribution, etc. New York :
Name of publisher, distributor, etc. McGraw-Hill,
Date of publication, distribution, etc. c1964.
300 ## - PHYSICAL DESCRIPTION
Pagination xi, 466 p. :
Illustrations illus. ;
Size 24 cm.
490 1# - SERIES STATEMENT
Series statement McGraw-Hill publications in the biological sciences
504 ## - BIBLIOGRAPHY, ETC. NOTE
Bibliography, etc Includes bibliographies.
650 #0 - SUBJECT ADDED ENTRY--TOPICAL TERM
Topical term or geographic name as entry element Plant physiology.
9 (RLIN) 799
Topical term or geographic name as entry element Biology
9 (RLIN) 227028
830 #0 - SERIES ADDED ENTRY--UNIFORM TITLE
Uniform title McGraw-Hill publications in the biological sciences
942 ## - ADDED ENTRY ELEMENTS (KOHA)
Source of classification or shelving scheme Dewey Decimal Classification
Koha item type Books
Holdings
Lost status Source of classification or shelving scheme Damaged status Not for loan Collection code Permanent Location Current Location Shelving location Date acquired Source of acquisition Cost, normal purchase price Total Checkouts Full call number Date last seen Copy number Koha item type
  Dewey Decimal Classification   Not For Loan Non-fiction Central Library, University of Rajshahi Central Library, University of Rajshahi Reading Room 26/11/1975 Johnathan wren & co. 6.70   571.2 LEP 1964 28/01/2014 C-1 Books
  Dewey Decimal Classification     Non-fiction Central Library, University of Rajshahi Central Library, University of Rajshahi   31/10/1970 Swets and lithiger 121.60   571.2 LEP 1964 27/11/2016 C-2 Books
  Dewey Decimal Classification     Non-fiction Central Library, University of Rajshahi Central Library, University of Rajshahi   10/03/1970 Swets and lithiger 121.60   571.2 LEP 1964 27/11/2016 C-3 Books